00743nam a2200205 a 450000100100000000500170001000800410002704000250006808200160009310000280010924500700013725000110020726000430021830000230026153400710028470000360035504900090039195201200040099900170052000002523820200930023642.0110211s1966 sp r 000 0 spa d aDO-SdBNPbspacBNPHU axxxxbS541p1 aSheen, Fulton J.95171710aPaz interior /cFulton J. Sheen ; traducción Juan G. de Luaces. a5a ed. aBarcelona, España :bPlaneta,c1966. a223 p. ;c20.5 cm. aTítulo original:tWay to inner peace,cBarcelona : Planeta, 19551 aLuaces, Juan G. de,etr.912849 aBNGR 001054708MOaGRbGRcCTd2011-02-11iLF1l0oxxxx S541pp25238-10r2020-06-25w2020-06-25y4ZPréstamo en sala c24731d24731